00342 a2200133 4500003000400000005001700004008004100021040000900062082001500071100002600086245005800112260002900170300000900199OSt20231108104915.0231108b |||||||| |||| 00| 0 eng d coclc a297bSUL/H aSullami, A Abdussalam aHadees Nishedikalkku Marupadi /cA Abdussalam Sullami aKerala:bYuvatha,c2006. a192p